Arquitectura románica en tiempos del Abad Oliva / por Camilo Pallás
Publicado:
San Jorge, núm. 85 (1r trimestre 1972), pàg 6 - 20 :
MARC
| LEADER | 00000nam a2200000Ia 4500 | ||
|---|---|---|---|
| 001 | |||
| 008 | 160829s9999 xx 000 0 cat d | ||
| 100 | 1 | |a Pallàs i Arisa, Camil, |d 1918-1982 |9 29544 | |
| 245 | |a Arquitectura románica en tiempos del Abad Oliva / por Camilo Pallás | ||
| 260 | |a San Jorge, núm. 85 (1r trimestre 1972), pàg 6 - 20 | ||
| 600 | 0 | 0 | |a Oliba, |c bisbe de Vic, |d aproximadament 971-1046 |9 56109 |
| 650 | 0 | |a Arquitectura romànica |z (Catalunya) |y S. XI |9 45087 | |
| 901 | |a Arxiu | ||
| 942 | |n 1 | ||
| 952 | |0 0 |1 0 |4 0 |7 1 |9 52360 |a Arxiu |b Arxiu |d 2016-12-01 |l 0 |r 2016-12-01 00:00:00 |w 2016-12-01 |y ARXIU | ||
| 999 | |c 56208 |d 56208 | ||